000 00427cam a22001097a 4500
008 180718b xxu||||| |||| 00| 0 eng d
082 _aT3101x54 In2eo
245 _aCost accouting records rules
_cby Ministry of Law, Justice & Company Affairs, Department of Company Affairs
260 _aNew Delhi
_bGovernment of India
_c
300 _a787+p
700 _aIndia. Department of Company Affairs, Ministry of Law, Justice & Company Affairs
999 _c497935
_d497935